Statistics for 2023 MotoGP race winners

Click here to take the quiz!

General Stats

  • This quiz has been taken 32 times
  • The average score is 19 of 20

Answer Stats

RaceWinner% Correct
Portimão GPFrancesco Bagnaia
100%
Dutch GPFrancesco Bagnaia
100%
Indonesian GPFrancesco Bagnaia
100%
Austrian GPFrancesco Bagnaia
100%
Valencian GPFrancesco Bagnaia
100%
Italian GPFrancesco Bagnaia
100%
Spanish GPFrancesco Bagnaia
100%
German GPJorge Martin
100%
San Marino GPJorge Martin
100%
Japanese GPJorge Martin
100%
Thailandia GPJorge Martin
100%
French GPMarco Bezzecchi
97%
Argentinian GPMarco Bezzecchi
97%
Indian GPMarco Bezzecchi
97%
British GPAleix Espargaro
93%
Catalunyan GPAleix Espargaro
93%
Australian GPJohann Zarco
90%
USA GPAlex Rins
86%
Malaysian GPEnea Bastianini
76%
Qatar GPFabio Di Giannantonio
76%

Score Distribution

Percentile by Number Answered

Percent of People with Each Score

Your Score History

You have not taken this quiz